Central Library OPAC University of Rajshahi

گلستان مترجم;; Tarjuma Gulistan / (Record no. 79037)

MARC details
000 -LEADER
fixed length control field 00731aaa a2200229 a 4500
001 - CONTROL NUMBER
control field 79037
003 - CONTROL NUMBER IDENTIFIER
rucl marc code BD-RjUL
005 - DATE AND TIME OF LATEST TRANSACTION
control field 20211220143548.0
008 - FIXED-LENGTH DATA ELEMENTS--GENERAL INFORMATION
fixed length control field 211220s1935 ir ||||| |||| 001 e urd d
035 ## - SYSTEM CONTROL NUMBER
System control number (BD-RjUL) 79037
040 ## - CATALOGING SOURCE
Original cataloging agency BD-RjUL
Language of cataloging eng
Transcribing agency BD-RjUL
041 ## - LANGUAGE CODE
Language code of text/sound track or separate title urd/per
082 ## - DEWEY DECIMAL CLASSIFICATION NUMBER
Edition number 23
Classification number 891.551
Author mark and year SAR 1935
100 1# - MAIN ENTRY--PERSONAL NAME
Personal name سعدي, الشيرازي ;; Saʻdī.; Shiraji
9 (RLIN) 248125
245 10 - TITLE STATEMENT
Title گلستان مترجم;; Tarjuma Gulistan /
Statement of responsibility, etc. سعدى الشيرازي ;; Saada Shirazi
260 ## - PUBLICATION, DISTRIBUTION, ETC. (IMPRINT)
Place of publication, distribution, etc. Lakhnu :
Name of publisher, distributor, etc. Matbu Munsi Nolkishar,
Date of publication, distribution, etc. 1938
Place of publication, distribution, etc. Tehran :
Name of publisher, distributor, etc. Farhang Mashriq, ,
Date of publication, distribution, etc. 2004
300 ## - PHYSICAL DESCRIPTION
Pagination 284p. ;
Size 23 cm
650 ## - SUBJECT ADDED ENTRY--TOPICAL TERM
Topical term or geographic name as entry element نثر فارسي
9 (RLIN) 248126
Topical term or geographic name as entry element Persian prose
9 (RLIN) 248127
942 ## - ADDED ENTRY ELEMENTS (KOHA)
Source of classification or shelving scheme Dewey Decimal Classification
Koha item type Books
Holdings
Lost status Source of classification or shelving scheme Damaged status Not for loan Collection code Permanent Location Current Location Shelving location Date acquired Source of acquisition Cost, normal purchase price Full call number Date last seen Copy number Koha item type
  Dewey Decimal Classification   Not For Loan Non-fiction Central Library, University of Rajshahi Central Library, University of Rajshahi Reading Room 15/10/1973 Quran Manjil , Rajshahi 5.00 U 891.551 SAR 1935 20/12/2021 C-1 Books